000 00219nam a2200085Ia 4500
008 230915s9999 xx 000 0 und d
050 _aSB171 .T73 I53 2008
245 0 _aINDIGENOUS FRUIT TREES IN THE TROPICS
942 _cBK
999 _c201709
_d201709